000 002670000a22000970004500
100 1 _aKallai, Zecharia
245 1 0 _aA note on the twelve tribe systems of Israel
300 _aVol. 49, Num. 1 (Enero, 1999), Páginas 125-127
773 0 _tVetus Testamentum
942 _cANA
999 _c58262
_d58262